|
|
|
|
| LEADER |
00000cam a2200000 7i4500 |
| 001 |
0000008921 |
| 005 |
20161013093000.0 |
| 008 |
021119s1992 |
| 020 |
|
|
|a 0030754828
|
| 090 |
0 |
0 |
|a HG4026
|b .B6694 1992 kit
|
| 100 |
0 |
|
|a Brigham, Eugene F. ,
|d 1930- ,
|e author
|
| 245 |
1 |
0 |
|a Intermediate financial management
|c Eugene F. Brigham, Louis C. Gapenski
|
| 250 |
|
|
|a 4th ed.
|
| 260 |
2 |
|
|a Fort Worth, Tex. :
|b The Dryden Press ,
|c c1992
|
| 300 |
|
|
|a xxvii, 1122 p. ;
|c 24 cm. + 1 computer disk (5 1/4 ins.).
|
| 650 |
|
0 |
|a Business enterprises
|x Finance
|
| 650 |
|
0 |
|a Corporations
|x Finance
|
| 700 |
1 |
|
|a Gapenski, Louis C. ,
|e author
|
| 999 |
|
|
|a 1000011967
|b Book
|c OPEN SHELF (30 DAYS)
|e Gong Badak Campus
|
| 999 |
|
|
|a 1000011968
|b Computer Disc
|c OPEN SHELF (30 DAYS)
|e Gong Badak Campus
|